[Event "XXII Weekend B"]
[Site "Ceriano Laghetto ITA"]
[Date "2013.03.02"]
[Round "2"]
[White "Carito, Riccardo"]
[Black "Petetta, Roberto"]
[WhiteElo "1729"]
[BlackElo "1651"]
[Result "1-0"]
[PlyCount "131"]
[EventDate "2013.03.01"]

1. d4 d5 2. c4 e6 3. Nc3 c6 4. Nf3 Nf6 5. Bg5 Be7 6. e3 Nbd7 7. cxd5 exd5 8.
Be2 O-O 9. O-O Re8 10. Rb1 Ne4 11. Nxe4 dxe4 12. Bxe7 Rxe7 13. Nd2 Nf6 14. Qc2
Qd5 15. Qc5 Qxc5 16. dxc5 Be6 17. Bc4 Rd8 18. Bxe6 Rxd2 19. Bc8 Rd8 20. Bh3 Re5
21. Rfd1 Red5 22. Rxd5 Nxd5 23. Rd1 g6 24. g3 Kf8 25. Rd4 Re8 26. Bg2 f5 27. g4
Kf7 28. b4 Re5 29. g5 Ke7 30. h4 Nc3 31. Rd2 Rd5 32. Rxd5 cxd5 33. a3 Kd7 34.
Bf1 Kc6 35. Kg2 Nb1 36. a4 Nc3 37. Kg3 Nxa4 38. Kf4 Nc3 39. Ke5 Nd1 40. Kf6
Nxf2 41. Kg7 Ng4 42. Kxh7 Ne5 43. Kg7 Kd7 44. Kf6 Nf3 45. Kxg6 Nxh4+ 46. Kh5
Nf3 47. Bh3 Ke6 48. g6 d4 49. Bxf5+ Kf6 50. Bxe4 Nd2 51. Bxb7 dxe3 52. Ba6 Ne4
53. c6 Kg7 54. c7 Nd6 55. Kg5 Nc8 56. Kf4 e2 57. Bxe2 Kxg6 58. Ba6 Nb6 59. c8=Q
Nxc8 60. Bxc8 Kf6 61. Ke4 Ke7 62. Kd5 Kd8 63. Bg4 Kc7 64. Kc5 Kb7 65. Kb5 a6+
66. Ka5 1-0

[Event "XXII Weekend B"]
[Site "Ceriano Laghetto ITA"]
[Date "2013.03.02"]
[Round "2"]
[White "Cervini, Gian Piero"]
[Black "Corti, Filippo"]
[WhiteElo "1781"]
[BlackElo "1634"]
[Result "1-0"]
[PlyCount "63"]
[EventDate "2013.03.01"]

1. e4 c6 2. d4 d5 3. exd5 cxd5 4. c4 Nf6 5. c5 g6 6. b4 Bg7 7. Nf3 O-O 8. Nc3
a6 9. Bb2 Nc6 10. a3 Bg4 11. Be2 Ne4 12. Nxe4 dxe4 13. Ng5 Bxe2 14. Qxe2 Bxd4
15. Rd1 e5 16. Nxe4 Qe7 17. O-O Bxb2 18. Qxb2 Nd4 19. Rfe1 f6 20. Nd6 Qc7 21.
f4 b6 22. fxe5 bxc5 23. bxc5 fxe5 24. Rxe5 Nf5 25. Qb3+ Kh8 26. Qc3 Qg7 27. c6
Nxd6 28. Rxd6 Rab8 29. h3 Rf5 30. c7 Rbf8 31. c8=Q Qxe5 32. Qxf8+ 1-0

[Event "XXII Weekend B"]
[Site "Ceriano Laghetto ITA"]
[Date "2013.03.02"]
[Round "2"]
[White "Colombo, Luca"]
[Black "Laico, Emanuele"]
[WhiteElo "1884"]
[BlackElo "1813"]
[Result "1/2-1/2"]
[PlyCount "128"]
[EventDate "2013.03.01"]

1. e4 c6 2. d4 d5 3. exd5 cxd5 4. Bd3 Nc6 5. c3 g6 6. Ne2 Nf6 7. O-O Bg7 8. Re1
O-O 9. h3 a6 10. Bf4 b5 11. a3 Qb6 12. Qc2 a5 13. Nd2 b4 14. axb4 Ba6 15. Bxa6
Rxa6 16. bxa5 Rxa5 17. Rxa5 Nxa5 18. Nc1 e6 19. Ncb3 Nxb3 20. Qxb3 Qxb3 21.
Nxb3 Ra8 22. Ra1 Rxa1+ 23. Nxa1 Kf8 24. Nb3 Ke7 25. Nc5 Nd7 26. Nxd7 Kxd7 27.
Kf1 Kc6 28. Ke2 Kb5 29. Kd3 Bf8 30. b3 f5 31. Bd2 Be7 32. c4+ dxc4+ 33. bxc4+
Kc6 34. Bf4 Bf8 35. f3 Be7 36. g4 Bf8 37. gxf5 gxf5 38. Ke3 Be7 39. Be5 Bg5+
40. Kf2 Bh4+ 41. Ke3 Bg5+ 42. Kd3 Be7 43. Bg7 Bg5 44. Bf8 Bf6 45. Bh6 Be7 46.
Ke3 Bd6 47. f4 Bb4 48. h4 Be1 49. h5 Bh4 50. Bg5 Bg3 51. Kf3 Be1 52. Kg2 Bc3
53. Bf6 Be1 54. Kh3 Bf2 55. h6 Be1 56. Bh4 Bd2 57. Bg3 Be3 58. d5+ exd5 59.
cxd5+ Kxd5 60. Kh4 Ke6 61. Kg5 Bd2 62. Bf2 Bc3 63. Bb6 Bf6+ 64. Kh5 Be7 1/2-1/2

[Event "XXII Weekend B"]
[Site "Ceriano Laghetto ITA"]
[Date "2013.03.02"]
[Round "2"]
[White "Galimberti, Maurizio"]
[Black "Podetti, Davide"]
[WhiteElo "1658"]
[BlackElo "1742"]
[Result "0-1"]
[PlyCount "76"]
[EventDate "2013.03.01"]

1. d4 Nf6 2. Nf3 e6 3. Nbd2 c5 4. e3 d5 5. c3 Be7 6. Bd3 Nbd7 7. O-O O-O 8. Re1
b6 9. e4 dxe4 10. Nxe4 Bb7 11. dxc5 Nxc5 12. Nxc5 Bxc5 13. Bg5 Be7 14. Qe2 Nd5
15. Bxe7 Qxe7 16. Qe5 Nf6 17. Nd4 Rfd8 18. Bc4 Qd6 19. f3 Qxe5 20. Rxe5 Bd5 21.
Bxd5 Rxd5 22. Rae1 Rc8 23. Rxd5 Nxd5 24. g3 a6 25. Kf2 Kf8 26. Nc2 b5 27. Ne3
Nb6 28. Rd1 Ke7 29. Rd2 Na4 30. Nd1 Nc5 31. Ke3 Nd7 32. f4 e5 33. fxe5 Nxe5 34.
Re2 f6 35. Nf2 Kf7 36. Ne4 Rd8 37. b3 Rd3+ 38. Kf4 Rf3# 0-1

[Event "XXII Weekend B"]
[Site "Ceriano Laghetto ITA"]
[Date "2013.03.02"]
[Round "2"]
[White "Galli, Agostino"]
[Black "Monticelli, Francesco"]
[WhiteElo "1685"]
[BlackElo "1748"]
[Result "1-0"]
[PlyCount "145"]
[EventDate "2013.03.01"]

1. d4 Nf6 2. c4 e5 3. d5 Bc5 4. Bg5 Bxf2+ 5. Kxf2 Ng4+ 6. Ke1 Qxg5 7. Nf3 Qe7
8. e4 d6 9. h3 Ne3 10. Qd2 Nxf1 11. Rxf1 Nd7 12. Nc3 Nf6 13. Qg5 O-O 14. Qe3
Nh5 15. Ne2 f5 16. Kd2 fxe4 17. Qxe4 Bf5 18. Qe3 Nf6 19. g4 Bg6 20. Ng5 c6 21.
Nc3 cxd5 22. Nxd5 Nxd5 23. cxd5 Rac8 24. Rxf8+ Qxf8 25. Ne6 Rc2+ 26. Ke1 Qf6
27. g5 Qf5 28. Rc1 Qe4 29. Qxe4 Bxe4 30. Rxc2 Bxc2 31. Nd8 Be4 32. Nxb7 Bxd5
33. Nxd6 Bxa2 34. b4 Kf8 35. h4 a6 36. Kf2 Be6 37. Ke3 Ke7 38. Ne4 Bc8 39. Kd3
Bf5 40. Ke3 Bxe4 41. Kxe4 Kd6 42. h5 Kc6 43. Kxe5 Kb5 44. Ke6 Kxb4 45. Kf7 a5
46. Kxg7 a4 47. Kxh7 a3 48. g6 a2 49. g7 a1=Q 50. g8=Q Qh1 51. h6 Qe4+ 52. Qg6
Qe7+ 53. Qg7 Qe4+ 54. Kg8 Qe6+ 55. Kh8 Qe8+ 56. Qg8 Qe5+ 57. Kh7 Qf5+ 58. Qg6
Qd7+ 59. Kg8 Qd5+ 60. Kf8 Qd8+ 61. Kf7 Qd5+ 62. Qe6 Qh5+ 63. Ke7 Qg5+ 64. Kd7
Qb5+ 65. Kc7 Qc5+ 66. Kb7 Qh5 67. Qe7+ Kc4 68. Qc7+ Kd4 69. h7 Qf3+ 70. Kc8
Qa8+ 71. Kd7 Qa4+ 72. Ke7 Kd5 73. Qd7+ 1-0

[Event "XXII Weekend B"]
[Site "Ceriano Laghetto ITA"]
[Date "2013.03.02"]
[Round "2"]
[White "Giovarruscio, Gabriele"]
[Black "Ronconi, Fausto"]
[WhiteElo "1747"]
[BlackElo "1687"]
[Result "0-1"]
[PlyCount "132"]
[EventDate "2013.03.01"]

1. d4 d5 2. c4 e6 3. Nf3 Nf6 4. g3 Bd7 5. Bg2 Bb4+ 6. Bd2 Bxd2+ 7. Nbxd2 O-O 8.
O-O dxc4 9. Nxc4 Bb5 10. Rc1 Nc6 11. Re1 Qe7 12. Qb3 Bxc4 13. Qxc4 Rad8 14. e3
Nd5 15. a3 a6 16. b4 Na7 17. Ne5 c6 18. Bxd5 exd5 19. Qc5 Qxc5 20. Rxc5 Nb5 21.
a4 Nd6 22. Rcc1 Ne4 23. a5 f6 24. Nd3 Rfe8 25. Rc2 g5 26. Nc5 Nxc5 27. bxc5 Re7
28. Rb1 f5 29. Rcb2 Rdd7 30. Kg2 Kf7 31. h3 h5 32. Rb3 Kg6 33. f3 f4 34. gxf4
gxf4 35. exf4 Kf5 36. Kf2 Kxf4 37. Rg1 Rg7 38. Rbb1 h4 39. Rg4+ Rxg4 40. fxg4
Ke4 41. Rb4 Rf7+ 42. Kg2 Kd3 43. Ra4 Kc3 44. Kg1 Kb3 45. Ra1 Kc4 46. Rd1 Rf3
47. Kh2 Rf4 48. g5 Rf7 49. Rg1 Kxd4 50. Rg4+ Kxc5 51. Rxh4 Rg7 52. Rg4 d4 53.
h4 d3 54. Rg2 Kd4 55. h5 Kc3 56. h6 Rh7 57. Kg3 d2 58. Rg1 Kc2 59. Kh4 Re7 60.
Rg2 Kc1 61. Rxd2 Kxd2 62. Kh5 Ke3 63. Kg6 Kf4 64. Kf6 Rd7 65. g6 Rd6+ 66. Kg7
Kg5 0-1

[Event "XXII Weekend B"]
[Site "Ceriano Laghetto ITA"]
[Date "2013.03.02"]
[Round "2"]
[White "Guidi, Giacomo G."]
[Black "D'Amato, Piergiorgio"]
[WhiteElo "1984"]
[BlackElo "1845"]
[Result "1-0"]
[PlyCount "61"]
[EventDate "2013.03.01"]

1. e4 e6 2. d3 d5 3. Nd2 Nf6 4. Ngf3 b6 5. g3 Ba6 6. e5 Nfd7 7. Qe2 c5 8. Bg2
Nc6 9. O-O Be7 10. c3 O-O 11. Re1 Re8 12. h4 f6 13. exf6 Bxf6 14. c4 Rc8 15.
Nf1 Nd4 16. Nxd4 cxd4 17. cxd5 exd5 18. Bxd5+ Kh8 19. Qxe8+ Qxe8 20. Rxe8+ Rxe8
21. Bg5 Re5 22. Bc6 Bxg5 23. hxg5 Nc5 24. f4 Re2 25. b4 Nxd3 26. b5 Bc8 27. Rd1
Nf2 28. Rxd4 Nh3+ 29. Kh1 Nf2+ 30. Kg2 Ne4+ 31. Kf3 1-0

[Event "XXII Weekend B"]
[Site "Ceriano Laghetto ITA"]
[Date "2013.03.02"]
[Round "2"]
[White "Mandaglio, Luca"]
[Black "Lunghi, Samuele"]
[WhiteElo "1810"]
[BlackElo "1487"]
[Result "1/2-1/2"]
[PlyCount "78"]
[EventDate "2013.03.01"]

1. d4 Nf6 2. c4 e6 3. Nc3 Bb4 4. Qc2 b6 5. f3 c5 6. d5 exd5 7. cxd5 O-O 8. Bg5
d6 9. O-O-O Nbd7 10. Ne4 Qe7 11. g4 h6 12. Bh4 Bb7 13. Nxf6+ Nxf6 14. e4 a5 15.
a3 Qe5 16. axb4 axb4 17. Bg3 Ra1+ 18. Kd2 Qd4+ 19. Bd3 Rxd1+ 20. Kxd1 Ba6 21.
Ne2 Qxd3+ 22. Qxd3 Bxd3 23. Nc1 Bb5 24. Bxd6 Rc8 25. Kd2 g5 26. h4 Kg7 27. Ne2
Bxe2 28. Kxe2 b5 29. hxg5 hxg5 30. Rc1 Nd7 31. Ke3 f6 32. Ra1 Nb6 33. b3 c4 34.
Bxb4 cxb3 35. Rb1 b2 36. Kd2 Nc4+ 37. Kd3 Ra8 38. Kc2 Ra1 39. d6 Ra7 1/2-1/2

[Event "XXII Weekend B"]
[Site "Ceriano Laghetto ITA"]
[Date "2013.03.02"]
[Round "2"]
[White "Mandaglio, Stefano"]
[Black "Rossi, Giampiero"]
[WhiteElo "1815"]
[BlackElo "1909"]
[Result "0-1"]
[PlyCount "120"]
[EventDate "2013.03.01"]

1. e4 c5 2. Nf3 e6 3. c3 d5 4. Qc2 dxe4 5. Qxe4 Nf6 6. Bb5+ Nbd7 7. Qa4 Be7 8.
O-O O-O 9. d4 a6 10. Be2 b5 11. Qc2 Bb7 12. Bg5 Rc8 13. Nbd2 Qc7 14. Rac1 h6
15. Bh4 Rfe8 16. Bg3 Qc6 17. dxc5 Nxc5 18. Rfd1 Red8 19. Bf1 Nce4 20. Nxe4 Nxe4
21. Nd4 Qb6 22. Bf4 Bd6 23. Be3 Qc7 24. h3 Bh2+ 25. Kh1 Bf4 26. Qe2 Bxe3 27.
Qxe3 Nf6 28. Nf3 Nd5 29. Qe5 Qxe5 30. Nxe5 Nf4 31. Kh2 f6 32. Ng4 e5 33. g3 Ne6
34. Bg2 Bxg2 35. Kxg2 Kf7 36. Ne3 Rxd1 37. Rxd1 Rd8 38. Rxd8 Nxd8 39. Nd5 Nc6
40. Kf3 f5 41. Ke3 Nb8 42. f4 Ke6 43. Nb4 a5 44. Nd3 e4 45. Nc5+ Kd5 46. Nb3
Nc6 47. Nd2 a4 48. g4 g6 49. gxf5 gxf5 50. b3 Na5 51. b4 Nc4+ 52. Ke2 Nxd2 53.
Kxd2 Kc4 54. h4 h5 55. Kc2 a3 56. Kd2 e3+ 57. Ke2 Kxc3 58. Kxe3 Kc4 59. Kd2
Kxb4 60. Kd3 Kc5 0-1

[Event "XXII Weekend B"]
[Site "Ceriano Laghetto ITA"]
[Date "2013.03.02"]
[Round "2"]
[White "Megna, Giuseppe"]
[Black "Bianchi, Alberto"]
[WhiteElo "1855"]
[BlackElo "1958"]
[Result "0-1"]
[PlyCount "110"]
[EventDate "2013.03.01"]

1. d4 d5 2. c4 e6 3. Nc3 Be7 4. Bf4 Nf6 5. e3 O-O 6. Rc1 c5 7. Bd3 cxd4 8. exd4
dxc4 9. Bxc4 Qa5 10. Nf3 Bd7 11. O-O Bc6 12. Qe2 Bd5 13. Nxd5 Nxd5 14. Bd2 Qd8
15. Ne5 Nb6 16. Nxf7 Rxf7 17. Bxe6 Kf8 18. Bxf7 Kxf7 19. Qf3+ Kg8 20. Qxb7 N8d7
21. Rfe1 Bf6 22. Qe4 Nf8 23. Be3 Qd7 24. Red1 Rd8 25. Rd2 Ng6 26. Qc6 Qf7 27.
Qc7 Qxa2 28. Qb7 Nd5 29. g3 Nge7 30. Rdd1 Qa4 31. Ra1 Qc2 32. Rdc1 Qe2 33. Qb3
a6 34. Re1 Qb5 35. Qxb5 axb5 36. Kf1 Nb4 37. Red1 Ned5 38. Ra5 Nc2 39. Ke2 Re8
40. Kf3 Ncxe3 41. Re1 Bd8 42. Rxb5 Rf8+ 43. Ke2 Nc7 44. Rb8 Ned5 45. f4 Kf7 46.
Kd3 Ne6 47. Kc4 Nb6+ 48. Kd3 Nd5 49. Kc4 Nec7 50. b4 Ne7 51. b5 Ncd5 52. Rb7
Ba5 53. Re5 Rc8+ 54. Kb3 Kf6 55. f5 55... Bc7 {...} 0-1

[Event "XXII Weekend B"]
[Site "Ceriano Laghetto ITA"]
[Date "2013.03.02"]
[Round "2"]
[White "Pinna, Ferdinando"]
[Black "Viale, Fabio"]
[WhiteElo "1945"]
[BlackElo "1821"]
[Result "1-0"]
[PlyCount "41"]
[EventDate "2013.03.01"]

1. e4 g6 2. d4 Bg7 3. Be3 c6 4. c3 d6 5. Nf3 Nd7 6. a4 Qc7 7. Be2 Ngf6 8. O-O
O-O 9. Qc2 e5 10. dxe5 dxe5 11. h3 b6 12. Rd1 Bb7 13. Na3 Rad8 14. Nc4 c5 15.
Nd6 Bc6 16. Bc4 Ne8 17. Nxf7 Rxf7 18. Ng5 Nd6 19. Rxd6 Qxd6 20. Nxf7 Qf6 21.
Bg5 1-0

[Event "XXII Weekend B"]
[Site "Ceriano Laghetto ITA"]
[Date "2013.03.02"]
[Round "2"]
[White "Prevedello, Daniele"]
[Black "Falchi, Claudio"]
[WhiteElo "1634"]
[BlackElo "1866"]
[Result "0-1"]
[PlyCount "116"]
[EventDate "2013.03.01"]

1. c4 e5 2. Nc3 Nc6 3. Nf3 g6 4. g3 Bg7 5. Bg2 d6 6. d3 f5 7. O-O Nf6 8. Qc2
O-O 9. Rb1 h6 10. b4 g5 11. e3 Qe8 12. b5 Nd8 13. a4 Qh5 14. Nd5 Rf7 15. Nxf6+
Bxf6 16. a5 f4 17. Nd2 Bh3 18. Qd1 g4 19. exf4 exf4 20. gxf4 Bxg2 21. Kxg2 Qh3+
22. Kh1 Qxd3 23. Qxg4+ Rg7 24. Qf3 Qxf3+ 25. Nxf3 Ne6 26. Be3 Kf7 27. Rg1 Rxg1+
28. Rxg1 a6 29. b6 c6 30. f5 Ng7 31. Bxh6 Nxf5 32. Ng5+ Bxg5 33. Bxg5 Rg8 34.
Bd2 Re8 35. Re1 Rxe1+ 36. Bxe1 Ke6 37. f4 Ne3 38. c5 d5 39. Bd2 Nc4 40. Bc3 Kf5
41. Kg2 Kxf4 42. Kf2 Ke4 43. h4 d4 44. Be1 d3 45. h5 Kf5 46. Kf3 d2 47. Bxd2
Nxd2+ 48. Ke3 Nc4+ 49. Kd3 Nxa5 50. h6 Kg6 51. Kc3 Kxh6 52. Kb4 Kg5 53. Kxa5
Kf5 54. Kb4 Ke5 55. Kc4 Ke4 56. Kc3 Kd5 57. Kb4 Kd4 58. Ka5 Kxc5 0-1

[Event "XXII Weekend B"]
[Site "Ceriano Laghetto ITA"]
[Date "2013.03.02"]
[Round "2"]
[White "Scovazzi, Tullio"]
[Black "Regorda, Vittorio"]
[WhiteElo "1696"]
[BlackElo "1786"]
[Result "0-1"]
[PlyCount "86"]
[EventDate "2013.03.01"]

1. e4 e6 2. d4 d5 3. exd5 exd5 4. Bd3 Bd6 5. Ne2 Ne7 6. O-O O-O 7. Bf4 Nbc6 8.
c3 Bg4 9. f3 Bf5 10. Re1 Bxd3 11. Qxd3 Ng6 12. Bxd6 Qxd6 13. Nd2 Rae8 14. Ng3
Qf4 15. Nb3 a6 16. Nc5 Rb8 17. Nd7 f5 18. Nxb8 Nxb8 19. Re3 Qg5 20. Nxf5 Qxf5
21. Qxf5 Rxf5 22. Re8+ Rf8 23. Rae1 Nd7 24. Kf2 Kf7 25. Rxf8+ Ndxf8 26. Kg3 Ne6
27. Kg4 Kf6 28. g3 c6 29. f4 Ne7 30. Kf3 g6 31. g4 Nc8 32. h4 Nd6 33. h5 gxh5
34. gxh5 Nf7 35. Rg1 Nh6 36. Re1 Ng7 37. Rh1 Ngf5 38. Re1 Nh4+ 39. Kf2 Kf7 40.
Rg1 N4f5 41. Kf3 Nd6 42. Rg2 Ne4 43. c4 Nf5 0-1

[Event "XXII Weekend B"]
[Site "Ceriano Laghetto ITA"]
[Date "2013.03.02"]
[Round "2"]
[White "Trovero, Leo"]
[Black "Cerutti, Fabio Maria"]
[WhiteElo "1635"]
[BlackElo "1723"]
[Result "1-0"]
[PlyCount "51"]
[EventDate "2013.03.01"]

1. e4 c5 2. Nf3 d6 3. d4 cxd4 4. Nxd4 Nf6 5. Nc3 g6 6. Be3 Bg7 7. f3 O-O 8. Qd2
Nc6 9. Bc4 Bd7 10. O-O-O Rb8 11. g4 Na5 12. Bb3 b5 13. h4 Nxb3+ 14. Nxb3 b4 15.
Nd5 Nxd5 16. exd5 f6 17. Bh6 Bxh6 18. Qxh6 a5 19. g5 fxg5 20. hxg5 Rf7 21. Nd4
Qb6 22. Qh4 Rc8 23. Qe4 Rc7 24. Ne6 Bxe6 25. dxe6 Rg7 26. Qa8+ 1-0

[Event "XXII Weekend B"]
[Site "Ceriano Laghetto ITA"]
[Date "2013.03.02"]
[Round "3"]
[White "Cerutti, Fabio Maria"]
[Black "Brioschi, Camillo"]
[WhiteElo "1723"]
[BlackElo "1831"]
[Result "0-1"]
[PlyCount "112"]
[EventDate "2013.03.01"]

1. e4 e5 2. Nf3 Nc6 3. Bb5 a6 4. Bxc6 dxc6 5. O-O f6 6. d4 exd4 7. Nxd4 c5 8.
Nb3 Qxd1 9. Rxd1 Bd7 10. Be3 b6 11. Nc3 Ne7 12. Rd2 Nc6 13. f4 O-O-O 14. Rad1
Bg4 15. Rxd8+ Nxd8 16. Rd2 Be6 17. Nd5 Bd6 18. Nc1 Re8 19. Nc3 Bf5 20. exf5
Rxe3 21. Nd3 c4 22. Kf2 Re8 23. Ne1 Bxf4 24. Re2 Rxe2+ 25. Nxe2 Be5 26. b3 cxb3
27. cxb3 Nc6 28. Nd3 Bd6 29. Nef4 Ne7 30. g4 g5 31. Nh5 Nd5 32. h3 Kd7 33. Kf3
Ke7 34. Nf2 Kf7 35. Ne4 Be5 36. Ke2 Nb4 37. a4 Nc2 38. Kd3 Nd4 39. Kc4 Nf3 40.
Kd3 c6 41. Nf2 a5 42. Ne4 Nd4 43. Nd2 b5 44. axb5 cxb5 45. Ke4 a4 46. bxa4 bxa4
47. Nc4 Nc2 48. Kd3 Nb4+ 49. Kd2 Bc7 50. Kc3 Nc6 51. Kb2 Nd4 52. Nd2 Ne2 53.
Nf3 Bd6 54. Ka2 Bb4 55. Kb2 a3+ 56. Kb1 Bc3 0-1

[Event "XXII Weekend B"]
[Site "Ceriano Laghetto ITA"]
[Date "2013.03.02"]
[Round "3"]
[White "Corti, Filippo"]
[Black "Miracola, Giorgia"]
[WhiteElo "1634"]
[BlackElo "1873"]
[Result "0-1"]
[PlyCount "54"]
[EventDate "2013.03.01"]

1. Nf3 Nf6 2. g3 g6 3. Bg2 Bg7 4. d3 d5 5. O-O O-O 6. Nbd2 c5 7. e4 Nc6 8. Re1
h6 9. c3 e5 10. exd5 Nxd5 11. a3 a5 12. Nc4 Re8 13. Ne3 Nxe3 14. Bxe3 Qe7 15.
Qd2 Kh7 16. Rad1 Be6 17. Qe2 Rad8 18. Bc1 Bb3 19. Rd2 h5 20. Qe4 f5 21. Qh4 Bf6
22. Qh3 Be6 23. Bf1 e4 24. Nh4 f4 25. Rxe4 Bxh3 26. Rxe7+ Rxe7 27. Bxh3 Re1+
0-1

[Event "XXII Weekend B"]
[Site "Ceriano Laghetto ITA"]
[Date "2013.03.02"]
[Round "3"]
[White "D'Amato, Piergiorgio"]
[Black "Cervini, Gian Piero"]
[WhiteElo "1845"]
[BlackElo "1781"]
[Result "1/2-1/2"]
[PlyCount "72"]
[EventDate "2013.03.01"]

1. e4 g6 2. d4 Bg7 3. Nc3 d6 4. f4 Nf6 5. e5 dxe5 6. dxe5 Qxd1+ 7. Kxd1 Ng4 8.
Ke1 c6 9. h3 Nh6 10. g4 Be6 11. Be3 Nd7 12. Rh2 O-O 13. Rd2 f6 14. exf6 exf6
15. Nf3 Nb6 16. Kf2 Rfe8 17. Bc5 Bf8 18. Bxf8 Kxf8 19. b3 Ng8 20. Rad1 Ne7 21.
Ne4 Ned5 22. Nc5 Nxf4 23. Nxb7 Nxh3+ 24. Bxh3 h5 25. Kg3 hxg4 26. Bxg4 Bxg4 27.
Kxg4 Nd5 28. Re1 Rxe1 29. Nxe1 Re8 30. Nd3 Re4+ 31. Kf3 f5 32. Nbc5 Re3+ 33.
Kf2 Rh3 34. Kg2 Re3 35. Kf2 Rh3 36. Kg2 Re3 1/2-1/2

[Event "XXII Weekend B"]
[Site "Ceriano Laghetto ITA"]
[Date "2013.03.02"]
[Round "3"]
[White "Falchi, Claudio"]
[Black "Pinna, Ferdinando"]
[WhiteElo "1866"]
[BlackElo "1945"]
[Result "1-0"]
[PlyCount "41"]
[EventDate "2013.03.01"]

1. e4 c5 2. Nc3 Nc6 3. g3 g6 4. Bg2 Bg7 5. d3 d6 6. f4 e6 7. Nf3 Nge7 8. O-O
O-O 9. Be3 Rb8 10. d4 cxd4 11. Nxd4 a6 12. Qd2 Qc7 13. Rad1 Na5 14. b3 b5 15.
a4 e5 16. Ndxb5 axb5 17. Nxb5 Qc6 18. Qxa5 Qxc2 19. Qb4 Nc6 20. Qa3 Ba6 21. Rd2
1-0

[Event "XXII Weekend B"]
[Site "Ceriano Laghetto ITA"]
[Date "2013.03.02"]
[Round "3"]
[White "Greco, Umberto"]
[Black "Mandaglio, Stefano"]
[WhiteElo "1707"]
[BlackElo "1815"]
[Result "0-1"]
[PlyCount "102"]
[EventDate "2013.03.01"]

1. c4 Nf6 2. Nf3 g6 3. g3 Bg7 4. Bg2 d6 5. Nc3 c6 6. d3 Na6 7. Rb1 O-O 8. O-O
Nc7 9. b4 d5 10. c5 d4 11. Na4 Nfd5 12. Bd2 e5 13. Nb2 Nb5 14. Na4 f5 15. Qb3
Kh8 16. Ng5 h6 17. Bxd5 cxd5 18. Nf3 Be6 19. Nh4 Qe8 20. Qd1 g5 21. Ng2 Bd7 22.
Nb2 Nc3 23. Qe1 Nxb1 24. Qxb1 Qh5 25. Qd1 f4 26. a4 Bh3 27. f3 fxg3 28. hxg3
Bd7 29. g4 Qg6 30. Ne1 Rf7 31. b5 Raf8 32. Bb4 Re8 33. Qb3 Qe6 34. Rf2 a6 35.
Bd2 e4 36. Rg2 e3 37. Ba5 axb5 38. axb5 Bf8 39. Na4 Ra8 40. Bb6 Qe8 41. c6 bxc6
42. Bxd4+ Kh7 43. b6 Rb8 44. Nc5 Rf4 45. Nxd7 Qxd7 46. Be5 Rb4 47. Qc2 R8xb6
48. d4+ Kg8 49. Qg6+ Bg7 50. Rh2 c5 51. Rxh6 Rxg6 0-1

[Event "XXII Weekend B"]
[Site "Ceriano Laghetto ITA"]
[Date "2013.03.02"]
[Round "3"]
[White "Laico, Emanuele"]
[Black "Burani, Eugenio"]
[WhiteElo "1813"]
[BlackElo "1870"]
[Result "0-1"]
[PlyCount "58"]
[EventDate "2013.03.01"]

1. d4 Nf6 2. c4 c5 3. d5 e6 4. Nc3 exd5 5. cxd5 d6 6. e4 g6 7. f4 Bg7 8. Bb5+
Nfd7 9. Nf3 O-O 10. O-O a6 11. Bd3 b5 12. Re1 Re8 13. f5 Ne5 14. Nxe5 Bxe5 15.
fxg6 fxg6 16. g3 Rf8 17. Rf1 Bh3 18. Rxf8+ Qxf8 19. Bf1 Bd4+ 20. Kh1 Qxf1+ 21.
Qxf1 Bxf1 22. Bf4 Bh3 23. Bxd6 Nd7 24. Ne2 Bxb2 25. Rb1 Be5 26. Bxe5 Nxe5 27.
Nf4 Bg4 28. h3 Bf3+ 29. Kg1 Bxe4 0-1

[Event "XXII Weekend B"]
[Site "Ceriano Laghetto ITA"]
[Date "2013.03.02"]
[Round "3"]
[White "Lunghi, Samuele"]
[Black "Carito, Riccardo"]
[WhiteElo "1487"]
[BlackElo "1729"]
[Result "0-1"]
[PlyCount "106"]
[EventDate "2013.03.01"]

1. e4 d5 2. exd5 Nf6 3. Bb5+ Bd7 4. Bxd7+ Qxd7 5. Nc3 Nxd5 6. Nxd5 Qxd5 7. Qf3
e6 8. Qxd5 exd5 9. d4 Nc6 10. Nf3 Nb4 11. Kd1 O-O-O 12. Re1 f6 13. a3 Nc6 14.
Bf4 g5 15. Be3 Bd6 16. h3 Rde8 17. Kd2 Re6 18. Re2 Rhe8 19. Rae1 Na5 20. Kd1
Nc4 21. Bc1 Rxe2 22. Rxe2 Rxe2 23. Kxe2 Kd7 24. Nd2 Bf4 25. Nxc4 Bxc1 26. Kd1
Bf4 27. Ne3 Bxe3 28. fxe3 Ke6 29. Ke2 Kf5 30. Kf3 h5 31. g4+ hxg4+ 32. hxg4+
Ke6 33. e4 c6 34. Ke3 b5 35. b3 a5 36. Kd3 b4 37. axb4 axb4 38. Ke3 dxe4 39.
Kxe4 f5+ 40. gxf5+ Kf6 41. d5 cxd5+ 42. Kxd5 Kxf5 43. Kc4 g4 44. Kxb4 g3 45. c4
g2 46. c5 g1=Q 47. c6 Qd4+ 48. Kb5 Qd5+ 49. Kb6 Qxb3+ 50. Ka7 Ke6 51. Ka8 Kd6
52. c7 Kxc7 53. Ka7 Qb7# 0-1

[Event "XXII Weekend B"]
[Site "Ceriano Laghetto ITA"]
[Date "2013.03.02"]
[Round "3"]
[White "Mazzoccoli, Simone"]
[Black "Megna, Giuseppe"]
[WhiteElo "1715"]
[BlackElo "1855"]
[Result "1-0"]
[PlyCount "93"]
[EventDate "2013.03.01"]

1. e4 e6 2. d4 d5 3. e5 c5 4. c3 Nc6 5. Nf3 Bd7 6. Be2 Nge7 7. Na3 Nf5 8. Nc2
Be7 9. O-O h5 10. Bd3 Nh6 11. dxc5 Bxc5 12. b4 Bb6 13. a4 Ng4 14. Qe2 Bc7 15.
Bf4 Qb8 16. Rae1 g5 17. Bxg5 Ncxe5 18. h3 Nxf3+ 19. Qxf3 Bb6 20. Bf4 Bc7 21.
Bxc7 Qxc7 22. hxg4 hxg4 23. Qg3 Qxc3 24. Rxe6+ Kd8 25. Rd6 Kc8 26. Rxd7 Rh1+
27. Kxh1 Qh8+ 28. Qh2 Kxd7 29. Qxh8 Rxh8+ 30. Kg1 Ke6 31. Re1+ Kf6 32. Ne3 Ke5
33. Nxg4+ Kd4 34. Rd1 Kc3 35. Be2 d4 36. Rd3+ Kxb4 37. Rxd4+ Kc5 38. Rd7 f5 39.
Ne3 Rh4 40. Rxb7 Rxa4 41. Rb5+ Kc6 42. Rxf5 Ra1+ 43. Kh2 a5 44. Bf3+ Kd7 45.
Nc4 a4 46. Ra5 Ke6 47. Bc6 1-0

[Event "XXII Weekend B"]
[Site "Ceriano Laghetto ITA"]
[Date "2013.03.02"]
[Round "3"]
[White "Monticelli, Francesco"]
[Black "Scovazzi, Tullio"]
[WhiteElo "1748"]
[BlackElo "1696"]
[Result "0-1"]
[PlyCount "123"]
[EventDate "2013.03.01"]

1. e4 e5 2. Nf3 Nc6 3. Bc4 Be7 4. O-O Nf6 5. d3 O-O 6. Nc3 d6 7. h3 Na5 8. Nd2
Nxc4 9. Nxc4 Be6 10. Ne3 c6 11. f4 exf4 12. Rxf4 Qc7 13. Nf5 Rfe8 14. Be3 Rad8
15. Qe2 d5 16. exd5 Bxd5 17. Nxe7+ Rxe7 18. Qf2 b6 19. Bd4 Ne8 20. Rf1 Qd7 21.
Ne2 c5 22. Bc3 f6 23. Ng3 Be6 24. Ne4 Rf7 25. Qg3 Kh8 26. b3 Qe7 27. Bd2 Nd6
28. Nxd6 Qxd6 29. Qf3 Qd5 30. Qg3 Qd7 31. Rh4 Bf5 32. Rhf4 Be6 33. Bc3 Qd6 34.
Qf2 Rdf8 35. d4 Rc8 36. dxc5 Qxc5 37. Qxc5 Rxc5 38. Re4 Bd7 39. Rfe1 h6 40.
R4e3 Bf5 41. Rc1 Rfc7 42. Bb4 Rxc2 43. Rxc2 Rxc2 44. a4 a5 45. Be7 Rc6 46. Rg3
Kg8 47. Re3 Kf7 48. Bd8 Be6 49. Rd3 Ke8 50. Kf2 Bd7 51. Bxb6 Rxb6 52. Ke3 Be6
53. Rd2 Rxb3+ 54. Kd4 Rb4+ 55. Kc5 Rxa4 56. Kd6 Kf7 57. Rb2 Re4 58. Rb7+ Kg6
59. h4 a4 60. Ra7 Bb3 61. h5+ Kxh5 62. Rxg7 0-1

[Event "XXII Weekend B"]
[Site "Ceriano Laghetto ITA"]
[Date "2013.03.02"]
[Round "3"]
[White "Nunziata, Vincenzo"]
[Black "Colombo, Luca"]
[WhiteElo "1673"]
[BlackElo "1884"]
[Result "1-0"]
[PlyCount "169"]
[EventDate "2013.03.01"]

1. Nf3 Nf6 2. g3 c5 3. c4 Nc6 4. Nc3 g6 5. Bg2 Bg7 6. O-O O-O 7. d3 d6 8. a3
Bd7 9. Bd2 Rb8 10. Rb1 Ng4 11. b4 b6 12. Ne1 Nf6 13. Nc2 Qc8 14. b5 Na5 15. Nd5
Nxd5 16. Bxd5 Be6 17. Bh1 Qd8 18. Ne3 Bc8 19. Qc2 Bb7 20. Bxb7 Nxb7 21. Bc3 e6
22. Bxg7 Kxg7 23. Qc3+ f6 24. Rbc1 d5 25. cxd5 exd5 26. Qb3 d4 27. Ng2 Qd7 28.
e4 dxe3 29. Nxe3 Rbd8 30. Rfd1 Na5 31. Qb1 Qd4 32. Nc4 Nb7 33. Qb3 Rd7 34. Re1
Rff7 35. Rcd1 Rfe7 36. Re3 Nd8 37. a4 Nf7 38. Rxe7 Rxe7 39. Qb2 Rd7 40. Qxd4
Rxd4 41. Kf1 Ne5 42. Ke2 Nf7 43. a5 bxa5 44. Ra1 Rd7 45. Nxa5 Re7+ 46. Kd2 Ne5
47. Kc2 Nf3 48. Nc6 Nd4+ 49. Nxd4 cxd4 50. Kb3 Rc7 51. Kb4 Kf7 52. Ra6 Ke7 53.
Ra2 Ke6 54. Ra6+ Ke5 55. f4+ Kf5 56. Rc6 Rxc6 57. bxc6 Ke6 58. Kc5 Ke7 59. g4
h6 60. f5 g5 61. h3 Kd8 62. Kxd4 Kc7 63. Kc5 a5 64. Kb5 a4 65. Kxa4 Kxc6 66.
Kb4 Kd5 67. Kc3 Ke5 68. d4+ Kf4 69. Kc4 Kg3 70. d5 Kxh3 71. d6 Kxg4 72. d7 Kxf5
73. d8=Q h5 74. Qd3+ Kf4 75. Qg6 f5 76. Qxh5 g4 77. Qh6+ Kf3 78. Qh1+ Kg3 79.
Qg1+ Kf3 80. Qf1+ Ke4 81. Qe2+ Kf4 82. Kd4 g3 83. Qg2 Kg4 84. Ke5 f4 85. Ke4
1-0